000 01054cam a2200205 4500
001 X12140
008 021211n2002 000 0 eng u
035 _a(Sirsi) u121454
245 _aAqua Design and Play International Ltd and another v Kier Ltd
260 _c2002
490 _aConstruction Law Reports
_v[2002] 82 Con LR 107-125(19)
520 _aCA 14 May 2002. The appellant (K) sought to overturn an earlier ruling that DOM/1 cl32, which stated that a contractor is only obliged to pay subcontractors when paid by the employer, was not incorporated into the contract (see Abs64856 for discussion). "Held": the appeal was allowed on the grounds that it was clear that the agreement referred to the uncorrected version (See Abs66196).
650 _aPAY WHEN PAID
650 _aAQUA DESIGN AND PLAY INTERNATIONAL LTD AND ANOTHER V KIER REGIONAL LTD
650 _aDOM/1 CL32
650 _aHOUSING GRANTS, CONSTRUCTION AND REGENERATION ACT 1996
650 _aSUBCONTRACTS
690 _aBUILT ENVIRONMENT-BUILDING CONTRACT FORMS
942 _n0
999 _c72175
_d72175